[Event "TUR-chT"]
[Site "Kocaeli"]
[Date "2015.08.08"]
[Round "5.6"]
[White "Temizkan, Denizcan"]
[Black "Sevgi, Volkan"]
[Result "0-1"]
[WhiteElo "1906"]
[BlackElo "2263"]
[PlyCount "84"]
[EventDate "2015.08.04"]
[EventType "team-tourn"]
[EventRounds "13"]
[EventCountry "TUR"]
[SourceTitle "CBM 167 Extra"]
[Source "ChessBase"]
[SourceDate "2015.09.14"]
[SourceVersion "1"]
[SourceVersionDate "2015.09.14"]
[SourceQuality "1"]
[WhiteTeam "Hatay Buyuksehir"]
[BlackTeam "Tarsus Zeka"]
[WhiteTeamCountry "TUR"]
[BlackTeamCountry "TUR"]

1. d4 d5 2. c4 c6 3. e3 e6 4. Nf3 f5 5. Nc3 Nf6 6. Be2 Bd6 7. 0-0 0-0 8. Qc2 Ne4 9. Ne5 Nd7 10. f3 Nxc3 11. Qxc3 Nxe5 12. dxe5 Be7 13. Bd2 Bd7 14. Rfd1 Qe8 15. Rac1 g5 16. e4 dxe4 17. fxe4 f4 18. c5 b6 19. b4 a5 20. Qb3 a4 21. Qc4 bxc5 22. bxc5 Kh8 23. Bb4 Ra7 24. Rc3 Qg6 25. Bg4 Bc8 26. Rh3 Rd8 27. Rxd8+ Bxd8 28. Bc3 Be7 29. a3 Rd7 30. Bb4 Rd8 31. Rd3 Rxd3 32. Qxd3 Kg8 33. Bd1 g4 34. Bxa4 Qg5 35. Qc3 f3 36. Bb3 Qf4 37. Bc4 Qxe4 38. gxf3 gxf3 39. Bf1 Bh4 40. h3 Bg3 41. Bg2 f2+ 42. Kf1 Ba6+ 0-1

[Event "TUR-chT"]
[Site "Kocaeli"]
[Date "2015.08.05"]
[Round "2.8"]
[White "Ozen, Deniz"]
[Black "Temizkan, Denizcan"]
[Result "1/2-1/2"]
[WhiteElo "2066"]
[BlackElo "1906"]
[PlyCount "109"]
[EventDate "2015.08.04"]
[EventType "team-tourn"]
[EventRounds "13"]
[EventCountry "TUR"]
[SourceTitle "CBM 167 Extra"]
[Source "ChessBase"]
[SourceDate "2015.09.14"]
[SourceVersion "1"]
[SourceVersionDate "2015.09.14"]
[SourceQuality "1"]
[WhiteTeam "Kayseri Seker"]
[BlackTeam "Hatay Buyuksehir"]
[WhiteTeamCountry "TUR"]
[BlackTeamCountry "TUR"]

1. e4 e5 2. Nf3 Nc6 3. Bb5 a6 4. Ba4 Nf6 5. 0-0 Be7 6. Re1 b5 7. Bb3 d6 8. c3 0-0 9. h3 Re8 10. Ng5 Rf8 11. Nf3 Re8 12. d4 Bb7 13. Ng5 Rf8 14. Nf3 Re8 15. a3 h6 16. Nbd2 Bf8 17. Ba2 Nb8 18. Qb3 Qd7 19. Qc2 c5 20. d5 c4 21. Nf1 Qc7 22. Ne3 Nbd7 23. Ng4 Be7 24. Nxf6+ Bxf6 25. Be3 Nc5 26. Rad1 a5 27. Nh2 Bg5 28. Ng4 Bc8 29. Bxg5 hxg5 30. Ne3 Bd7 31. f3 g6 32. Rf1 Kg7 33. Qd2 Rh8 34. Bb1 Raf8 35. Bc2 a4 36. Rde1 Qd8 37. g4 Rxh3 38. Kg2 Rfh8 39. Rh1 R3h4 40. Rxh4 Rxh4 41. Rh1 Qf6 42. Rxh4 gxh4 43. Nd1 g5 44. Nf2 Qd8 45. Nh3 f6 46. Qe3 Kh6 47. Nf2 Qc7 48. Nh3 Bc8 49. Nf2 Nd7 50. Nh3 Nf8 51. Qf2 Ng6 52. Qe3 Bd7 53. Bd1 Nh8 54. Be2 Nf7 55. Bd1 1/2-1/2

[Event "Manavgat Turkey Cup"]
[Site "Manavgat"]
[Date "2015.02.07"]
[Round "11"]
[White "Temizkan, Denizcan"]
[Black "Dalgar, Hakki Berat"]
[Result "1-0"]
[WhiteElo "2010"]
[BlackElo "1880"]
[PlyCount "93"]
[EventDate "2015.01.31"]
[EventType "swiss"]
[EventRounds "11"]
[EventCountry "TUR"]
[SourceTitle "CBM 164 Extra"]
[Source "ChessBase"]
[SourceDate "2015.03.02"]
[SourceVersion "1"]
[SourceVersionDate "2015.03.02"]
[SourceQuality "1"]

1. d4 Nf6 2. c4 e6 3. Nf3 b6 4. g3 Bb7 5. Bg2 Be7 6. 0-0 0-0 7. Nc3 d6 8. Qc2 c5 9. d5 e5 10. Nh4 g6 11. e4 Nh5 12. Nf3 Nd7 13. Bh6 Ng7 14. h4 a6 15. a4 Nf6 16. Nh2 Re8 17. Qe2 Nfh5 18. Bf3 Bc8 19. Nd1 f5 20. Bxh5 gxh5 21. Bxg7 Kxg7 22. Qxh5 f4 23. Kh1 Kh8 24. gxf4 Bxh4 25. f5 Rg8 26. Nf3 Bf6 27. Ne3 Ra7 28. Rg1 Rag7 29. Rxg7 Rxg7 30. Rg1 Rxg1+ 31. Kxg1 Bd7 32. b3 Be8 33. Qh6 Qe7 34. Ng4 Bg7 35. Qe6 Qxe6 36. dxe6 h5 37. Ne3 Bf6 38. Nd5 Kg7 39. Nxb6 Bc6 40. Nd5 Bxd5 41. cxd5 Kh6 42. Nd2 Be7 43. Nc4 Kg5 44. Nb6 Kf6 45. Nc8 Bf8 46. Kg2 Bh6 47. Nxd6 1-0

[Event "Manavgat Turkey Cup"]
[Site "Manavgat"]
[Date "2015.02.05"]
[Round "9"]
[White "Temizkan, Denizcan"]
[Black "Aydincelebi, Kagan"]
[Result "1/2-1/2"]
[WhiteElo "2010"]
[BlackElo "1865"]
[PlyCount "114"]
[EventDate "2015.01.31"]
[EventType "swiss"]
[EventRounds "11"]
[EventCountry "TUR"]
[SourceTitle "CBM 164 Extra"]
[Source "ChessBase"]
[SourceDate "2015.03.02"]
[SourceVersion "1"]
[SourceVersionDate "2015.03.02"]
[SourceQuality "1"]

1. d4 Nf6 2. c4 c5 3. d5 e6 4. Nc3 exd5 5. cxd5 d6 6. Nf3 g6 7. e4 a6 8. a4 Bg4 9. Bd3 Bg7 10. Bf4 0-0 11. 0-0 Qe7 12. h3 Bxf3 13. Qxf3 Nbd7 14. Qe2 Nh5 15. Bh2 Bd4 16. Kh1 Rfe8 17. Rae1 Qf6 18. Bb1 Be5 19. Qe3 Qh4 20. f4 Bd4 21. Qf3 g5 22. e5 gxf4 23. e6 Ne5 24. Qe4 Ng6 25. Re2 Be5 26. Qf3 f6 27. Ne4 b5 28. a5 Kg7 29. Bc2 Rac8 30. Bb1 Rb8 31. b3 Rbc8 32. Bd3 Re7 33. Nd2 Rec7 34. Qe4 Ng3+ 35. Bxg3 Qxg3 36. Nf3 c4 37. bxc4 bxc4 38. Bc2 c3 39. Rb1 Kh8 40. Rb6 Nh4 41. Nxh4 Qxh4 42. Qf5 Qg3 43. Qg4 Qxg4 44. hxg4 Kg7 45. Rxa6 Rb8 46. Rb6 Rxb6 47. axb6 Rb7 48. Re1 Rxb6 49. Rb1 Rb2 50. Rxb2 cxb2 51. Kg1 Bd4+ 52. Kf1 Be3 53. Ke2 Bc1 54. Kf3 h6 55. Ke4 Kf8 56. Kf5 Ke7 57. Ke4 Kf8 1/2-1/2

[Event "Manavgat Turkey Cup"]
[Site "Manavgat"]
[Date "2015.02.01"]
[Round "3"]
[White "Temizkan, Denizcan"]
[Black "Korkmaz, Turhan"]
[Result "0-1"]
[WhiteElo "2010"]
[BlackElo "1867"]
[PlyCount "128"]
[EventDate "2015.01.31"]
[EventType "swiss"]
[EventRounds "11"]
[EventCountry "TUR"]
[SourceTitle "CBM 164 Extra"]
[Source "ChessBase"]
[SourceDate "2015.03.02"]
[SourceVersion "1"]
[SourceVersionDate "2015.03.02"]
[SourceQuality "1"]

1. d4 Nf6 2. c4 g6 3. Nc3 Bg7 4. e4 d6 5. Nf3 0-0 6. Be2 Nc6 7. 0-0 e5 8. d5 Ne7 9. b4 Nd7 10. a4 f5 11. Ng5 Nf6 12. Bf3 f4 13. c5 Bd7 14. Ba3 Ne8 15. Bg4 Nf5 16. exf5 Qxg5 17. Ne4 Qe7 18. fxg6 hxg6 19. b5 Bf5 20. Qe2 Rd8 21. Rad1 Qh4 22. Bf3 g5 23. g3 Qh6 24. g4 Bc8 25. Kg2 Rd7 26. h3 Rdf7 27. a5 Bh8 28. b6 axb6 29. axb6 cxb6 30. cxd6 Bd7 31. Rb1 b5 32. Bb4 Rh7 33. Rh1 b6 34. Ra1 Nf6 35. Nxf6+ Qxf6 36. Qe4 Rc8 37. Be2 Rf7 38. Ra6 f3+ 39. Qxf3 Qxf3+ 40. Bxf3 Rcf8 41. Be4 Rxf2+ 42. Kg3 Rb2 43. Bc3 Rb3 44. Rc1 Rc8 45. Rxb6 Rbxc3+ 46. Rxc3 Rxc3+ 47. Kf2 Rc8 48. Bf5 Bxf5 49. gxf5 Rd8 50. Kf3 Bf6 51. Kg4 b4 52. Kh5 e4 53. Rxb4 Rxd6 54. Rxe4 Kf7 55. Ra4 Rxd5 56. Ra7+ Be7 57. f6 Kxf6 58. h4 Kf7 59. hxg5 Rxg5+ 60. Kh6 Rd5 61. Rb7 Rd4 62. Rb5 Rh4+ 63. Rh5 Rg4 64. Rh1 Bf6 0-1